Supreme Court Criminal Appeal No. 27 OF 2003 Charles Harry Twagira Vs Uganda (Record no. 2878)

MARC details
000 -LEADER
fixed length control field 00519nam a22001097a 4500
008 - FIXED-LENGTH DATA ELEMENTS--GENERAL INFORMATION
fixed length control field 110614t xxu||||| |||| 00| 0 eng d
010 ## - LIBRARY OF CONGRESS CONTROL NUMBER
LC control number SCCAF: 21B
245 ## - TITLE STATEMENT
Title Supreme Court Criminal Appeal No. 27 OF 2003 Charles Harry Twagira Vs Uganda
260 ## - PUBLICATION, DISTRIBUTION, ETC. (IMPRINT)
Date of publication, distribution, etc 2003
500 ## - GENERAL NOTE
General note Coram: Odoki; CJ; Tsekooko, Karokora, Mulenga and Kanyeihamba, JJSC
500 ## - GENERAL NOTE
General note APPEAL FROM JUDGEMENT OF THE COURT OF APPEAL AT KAMPALA MUKASA-KIKONYOGO, DCJ; MPAGI-BAHIGEINE AND KITUMBA, JJA DATED 19TH AUGUST, 2003 IN CRIMINAL APPEAL NO. 169 OF 2002
Holdings
Withdrawn status Lost status Source of classification or shelving scheme Damaged status Koha normalized classification for sorting Not for loan Location (home branch) Sublocation or collection (holding branch) Shelving location Date acquired Koha issues (times borrowed) Koha full call number Piece designation (barcode) Koha date last seen Price effective from Koha item type
    Dewey Decimal Classification   SCCA_F_21B   Law Development Centre Main Library Law Development Centre Main Library Law Reports 06/14/2011   SCCA F_21B 27/2003/1 06/14/2011 06/14/2011 Un Reported Cases